000 01106nam a22003377a 4500
001 BR2010000969
003 BR-BrBNA
005 20230928103206.0
007 ta
008 230509b bl.||||| |||| 00| 0 por d
040 _aBR-BrBNA
_bpor
_cBiblioteca Nacional de Agricultura
041 _a(Por)
072 _aL73; L53
_b5214
090 _ 5214 BR2010000969
100 1 _aPereira, P.A.C.
110 1 _aUniversidade Federal de Minas Gerais, Belo Horizonte (Brasil). Escola de Veterinária
_0Tese (Doutor em Ciência Animal)
245 1 _aRelação entre problemas reprodutivos e eficiência reprodutiva comparada por diferentes métodos em rebanhos bovinos leiteiros
260 3 _aBelo Horizonte, MG (Brasil):
_c2009.
300 _a34 p.
500 _aSummaries (Eng, Por); Bibliography p. 28-33
650 _aGADO LEITEIRO
650 _aREPRODUÇÃO ANIMAL
650 _aEFICIÊNCIA REPRODUTIVA
650 _aDOENÇA ANIMAL
650 _aCISTO
650 _aINFECÇÃO
650 _aPLACENTA
650 _aMODELO MATEMÁTICO
909 _a202309
_bLucia
_c55
_dLucia Elande
942 _cBK
999 _c74077
_d74077